Climate change and UK agriculture (Record no. 107468)
[ view plain ]
| 000 -LEADER | |
|---|---|
| fixed length control field | 01209cam a22002415a 4500 |
| 001 - CONTROL NUMBER | |
| control field | L140279 |
| 008 - FIXED-LENGTH DATA ELEMENTS--GENERAL INFORMATION | |
| fixed length control field | 070212s2007 xxk f 000 0 eng d |
| 035 ## - SYSTEM CONTROL NUMBER | |
| System control number | (Sirsi) u140279 |
| 041 0# - LANGUAGE CODE | |
| Language code of text/sound track or separate title | eng |
| 050 04 - LIBRARY OF CONGRESS CALL NUMBER | |
| Classification number | 630 $2 18 |
| 100 1# - MAIN ENTRY--PERSONAL NAME | |
| Personal name | Fane, Peter |
| 245 00 - TITLE STATEMENT | |
| Title | Climate change and UK agriculture |
| Remainder of title | implications for land management, summary |
| 260 ## - PUBLICATION, DISTRIBUTION, ETC. | |
| Place of publication, distribution, etc. | London |
| Name of publisher, distributor, etc. | RICS |
| Date of publication, distribution, etc. | 2007 |
| 300 ## - PHYSICAL DESCRIPTION | |
| Extent | 8p. |
| Other physical details | ill. |
| Dimensions | 30cm. |
| 505 2# - FORMATTED CONTENTS NOTE | |
| Formatted contents note | Introduction -- Summary and recommendations -- Background -- Adapting UK agriculture for climate change -- Delivery arrangements for climate change and agriculture -- Conclusions |
| 520 ## - SUMMARY, ETC. | |
| Summary, etc. | Summary, conclusions and recommendations of a report looking at key climate change scenarios. Highlights the implications for UK agriculture and possible options for farmers and those who advise them. Also considers the effect which UK agriculture has on climate change and how UK agriculture could lessen this impact. (Full report #121700) |
| 590 ## - LOCAL NOTE (RLIN) | |
| Local note | KA |
| 651 #4 - SUBJECT ADDED ENTRY--GEOGRAPHIC NAME | |
| Geographic name | United Kingdom |
| 690 ## - LOCAL SUBJECT ADDED ENTRY--TOPICAL TERM (OCLC, RLIN) | |
| Topical term or geographic name as entry element | ENVIRONMENTAL AND LAND CONSULTANCY-AGRIBUSINESS-AGRICULTURE |
| 710 2# - ADDED ENTRY--CORPORATE NAME | |
| Corporate name or jurisdiction name as entry element | Royal Institution of Chartered Surveyors |
| 9 (RLIN) | 4900 |
| 710 2# - ADDED ENTRY--CORPORATE NAME | |
| Corporate name or jurisdiction name as entry element | Royal Agricultural College |
| 9 (RLIN) | 17 |
| 942 ## - ADDED ENTRY ELEMENTS (KOHA) | |
| Suppress in OPAC | 0 |
| Source of classification or shelving scheme | Dewey Decimal Classification |
| Withdrawn status | Lost status | Source of classification or shelving scheme | Damaged status | Not for loan | Home library | Current library | Shelving location | Date acquired | Total Checkouts | Full call number | Barcode | Date last seen | Copy number | Price effective from | Koha item type |
|---|---|---|---|---|---|---|---|---|---|---|---|---|---|---|---|
| Dewey Decimal Classification | London | London | RICS Boxes | 14/09/2007 | RICS 2007/45 | 30074287 | 06/08/2019 | 1 | 06/08/2019 | Archive | |||||
| Dewey Decimal Classification | London | London | RICS Boxes | 14/09/2007 | RICS 2007/45 | 30074261 | 06/08/2019 | 1 | 06/08/2019 | Reference material | |||||
| Dewey Decimal Classification | London | London | RICS Boxes | 14/09/2007 | RICS 2007/45 | 30074283 | 06/08/2019 | 2 | 06/08/2019 | Book |